Money and the machine age / (Record no. 184605)
[ view plain ]
| 000 -LEADER | |
|---|---|
| fixed length control field | 01048 a2200193 4500 |
| 003 - CONTROL NUMBER IDENTIFIER | |
| control field | Nust |
| 005 - DATE AND TIME OF LATEST TRANSACTION | |
| control field | 20230306113850.0 |
| 010 ## - LIBRARY OF CONGRESS CONTROL NUMBER | |
| LC control number | 39000783 |
| 040 ## - CATALOGING SOURCE | |
| Transcribing agency | Nust |
| 082 ## - DEWEY DECIMAL CLASSIFICATION NUMBER | |
| Classification number | 330,WYA |
| 100 ## - MAIN ENTRY--PERSONAL NAME | |
| Personal name | Wyatt, Thomas William |
| 9 (RLIN) | 109832 |
| 245 ## - TITLE STATEMENT | |
| Title | Money and the machine age / |
| Statement of responsibility, etc. | T.W. Wyatt |
| 260 ## - PUBLICATION, DISTRIBUTION, ETC. | |
| Place of publication, distribution, etc. | P.S. King & Son, Ltd., |
| Name of publisher, distributor, etc. | London, |
| Date of publication, distribution, etc. | 1937 |
| 300 ## - PHYSICAL DESCRIPTION | |
| Extent | ix, 120 p |
| Other physical details | 19 cm |
| 505 ## - FORMATTED CONTENTS NOTE | |
| Formatted contents note | Cure Of Unemployement (Page-11), Basic Economic Facts (Page-32), The Trade Cycle (Page-34), The Position After The War Of 1914/18 (Page-36), The Gold Standard (Page-40), The Return To The Gold Standard In 1925 (Page-48), Collapse Of Gold Standard (Page-54), Balance Of Trade (Page-68), The National Debt (Page-77), Balancing The Budget (Page-84), The Cost Fallacy (Page-87), Money And Bank Deposits (Page-93), Inflation And Deflation (Page-102), Devaluation (Page-110), Idle Money (Page-115), Finance In Peace Time (Page-116), Conclusion (Page-119). |
| 600 ## - SUBJECT ADDED ENTRY--PERSONAL NAME | |
| Personal name | Wyatt, Thomas William |
| 9 (RLIN) | 109832 |
| 650 ## - SUBJECT ADDED ENTRY--TOPICAL TERM | |
| Topical term or geographic name entry element | Money and the machine age |
| 9 (RLIN) | 109833 |
| 942 ## - ADDED ENTRY ELEMENTS (KOHA) | |
| Source of classification or shelving scheme | |
| Koha item type | Book |
| Withdrawn status | Lost status | Source of classification or shelving scheme | Damaged status | Not for loan | Permanent Location | Current Location | Shelving location | Date acquired | Full call number | Barcode | Date last seen | Price effective from | Koha item type | Public note |
|---|---|---|---|---|---|---|---|---|---|---|---|---|---|---|
| Military College of Signals (MCS) | Military College of Signals (MCS) | General Stacks | 12/12/2016 | 330,WAY | MCS30007 | 12/08/2016 | 12/12/2016 | Book | Almirah No.73, Shelf No.5 |
